000 01051 a2200241 4500
999 _c7777
_d7777
020 _a0761951164
020 _a0761951172 (pbk)
050 0 0 _aHF 5549EXP 1998
245 0 0 _aExperiencing human resource management /
_cedited by Christophe Mabey, Denise Skinner, Timothy Clark.
264 _aLondon :
_bSage
_c1998
300 _axiv, 256 p. :
_bill. ;
500 _aIncludes bibliographical references and index.
504 _aIncludes bibliographical references and index.
650 0 _aPersonnel management.
650 0 _aPersonnel management
700 1 _aMabey, Christopher,
_d1951-
_eeditor
700 1 _aSkinner, Denise.
_eeditor
700 1 _aClark, Timothy,
_d1964-
_eeditor
856 7 _3Table of contents only
_uhttp://lcweb.loc.gov/catdir/toc/97-62126.html
_2http
856 4 2 _3Publisher description
_uhttp://www.loc.gov/catdir/enhancements/fy0656/97062126-d.html
942 _2lcc
_cBK
_h5549
_iEXP
_kHF